| 000 | 01681nam0a2200397 4500 | ||
|---|---|---|---|
| 001 | RU\NLR\bibl\1035867 | ||
| 005 | 20260405143840.0 | ||
| 010 |
_a5-222-09562-2 _95000 |
||
| 021 |
_aRU _b2006-79622 _94038 |
||
| 035 | _a(nilc)RSL-KNO-002996324 | ||
| 035 | _a(NLR Aleph) 001023294 | ||
| 090 |
_a712231 _c712231 |
||
| 100 | _a20061208d2006 |||y0rusy50 ca | ||
| 101 | 0 | _arus | |
| 102 | _aRU | ||
| 105 | _aa ||||||||| | ||
| 106 | _ar | ||
| 200 | 1 |
_aСделки в Интернет _eсоветует юрист _fЛ.В. Сальникова |
|
| 210 |
_aРостов-на-Дону _cФеникс _d2006 |
||
| 215 |
_a221 с. _cил. _d21 |
||
| 225 | 1 | _aСерия "Консультирует юрист" | |
| 300 | _aНа обл. авт. не указан | ||
| 320 | _aДр. произведения авт. на 4-й с. обл. | ||
| 606 | 1 |
_aINTERNET, глобальная информационная сеть _xИспользование _xПравовое регулирование _yРоссийская Федерация _92250171 _3RU\NLR\auth\661349736 |
|
| 610 | 0 | _aГосударство и право. Юридические науки -- Гражданское право -- Российская Федерация -- Действия -- Сделки | |
| 610 | 0 | _aИнтернет | |
| 686 |
_aХ623.041.12,0 _2rubbk |
||
| 686 | _aХ62с51 | ||
| 700 | 1 |
_4070 _8rus _7ca _aСальникова _bЛ. В. _gЛюдмила Викторовна _3RU\NLR\AUTH\7759534 _942465 |
|
| 801 | 0 |
_aRU _bРКП _c20061208 _grcr |
|
| 801 | 1 |
_aRU _bРГБ _c20061208 |
|
| 801 | 2 |
_aRU _bNLR _c20070125 _grcr |
|
| 942 | _cBOOK | ||
| 980 | _aNB | ||